Textbook on research and publication ethics / (Record no. 51546)

MARC details
000 -LEADER
fixed length control field 00690nam a2200253Ia 4500
005 - DATE AND TIME OF LATEST TRANSACTION
control field 20260429111937.0
008 - FIXED-LENGTH DATA ELEMENTS--GENERAL INFORMATION
fixed length control field 260429s9999||||xx |||||||||||||| ||und||
020 ## - INTERNATIONAL STANDARD BOOK NUMBER
International Standard Book Number 9789356511453
041 ## - LANGUAGE CODE
Language English
082 ## - DEWEY DECIMAL CLASSIFICATION NUMBER
Classification number 174.9
Item number VER
100 ## - MAIN ENTRY--PERSONAL NAME
Personal name Verma, V. K.
245 #0 - TITLE STATEMENT
Title Textbook on research and publication ethics /
Statement of responsibility, etc V. K. Verma
250 ## - EDITION STATEMENT
Edition statement 1st ed.
260 ## - PUBLICATION, DISTRIBUTION, ETC. (IMPRINT)
Place of publication, distribution, etc Delhi :
Name of publisher, distributor, etc Jaya Publishing House,
Date of publication, distribution, etc 2022.
300 ## - PHYSICAL DESCRIPTION
Extent vii, 191 p.; hb
650 ## - SUBJECT ADDED ENTRY--TOPICAL TERM
Topical term or geographic name as entry element Academic writing
650 ## - SUBJECT ADDED ENTRY--TOPICAL TERM
Topical term or geographic name as entry element Publication ethics
650 ## - SUBJECT ADDED ENTRY--TOPICAL TERM
Topical term or geographic name as entry element Scholarly communication
650 ## - SUBJECT ADDED ENTRY--TOPICAL TERM
Topical term or geographic name as entry element Research ethics
700 ## - ADDED ENTRY--PERSONAL NAME
Personal name Dheer, Vineet
700 ## - ADDED ENTRY--PERSONAL NAME
Personal name Singh, Jayakar
700 ## - ADDED ENTRY--PERSONAL NAME
Personal name Yadav, D. D.
942 ## - ADDED ENTRY ELEMENTS (KOHA)
Koha item type Text Books
Holdings
Withdrawn status Lost status Damaged status Not for loan Collection code Home library Location Shelving location Date of Cataloging Source of acquisition Total Checkouts Full call number Barcode Date last seen Price effective from Koha item type
        Non-fiction CUTN Central Library CUTN Central Library Philosophy & psychology 29/04/2026 T R Publications, Chennai - Invoice No. TRPHO/2025/CRB/185 on 09-02-2026   174.9 VER 56569 29/04/2026 29/04/2026 Text Books